[Event "Platja d'Aro op-B 7th"]
[Site "Platja d'Aro"]
[Date "2019.06.24"]
[Round "1"]
[White "Planella Sanchez, Jordi"]
[Black "Sabates Ple, Josep"]
[Result "1-0"]
[WhiteElo "2017"]
[BlackElo "1517"]
[PlyCount "57"]
[EventDate "2019.06.24"]
[EventType "swiss"]
[EventRounds "9"]
[EventCountry "ESP"]
[SourceTitle "CBM 191 Extra"]
[Source "ChessBase"]
[SourceDate "2019.09.30"]
[SourceVersion "1"]
[SourceVersionDate "2019.09.30"]
[SourceQuality "1"]

1. e4 c5 2. Nf3 d6 3. g3 e6 4. Bg2 Nf6 5. d3 Be7 6. 0-0 0-0 7. h3 Nc6 8. Nc3 a6 9. g4 Qc7 10. Bf4 b5 11. Qd2 Bb7 12. Ne2 e5 13. Bg3 Rad8 14. Nh4 Bc8 15. Nc3 Be6 16. f4 exf4 17. Qxf4 Nd4 18. Rf2 Rfe8 19. Nf3 Nxf3+ 20. Bxf3 h6 21. Nd1 Nh7 22. Qd2 Ng5 23. Bg2 Qa7 24. Ne3 Bf6 25. c3 b4 26. Nf5 Be5 27. Bh4 Bf6 28. Nxh6+ gxh6 29. Rxf6 1-0

[Event "Girona Gerunda op1st"]
[Site "Girona"]
[Date "2017.11.07"]
[Round "5"]
[White "Blasco Vidal, Joan"]
[Black "Sabates Ple, Josep"]
[Result "1-0"]
[WhiteElo "1813"]
[BlackElo "1746"]
[PlyCount "97"]
[EventDate "2017.09.26"]
[EventType "swiss"]
[EventRounds "9"]
[EventCountry "ESP"]
[SourceTitle "EXT 2019"]
[Source "ChessBase"]
[SourceDate "2018.10.10"]
[SourceVersion "1"]
[SourceVersionDate "2018.10.10"]
[SourceQuality "1"]

1. e4 b6 2. Bc4 Bb7 3. Nc3 e6 4. Qe2 Bb4 5. d4 h6 6. a3 Bxc3+ 7. bxc3 Nf6 8. Bd3 0-0 9. Nf3 d6 10. 0-0 Re8 11. c4 Nbd7 12. e5 dxe5 13. dxe5 Nh7 14. Rd1 Bxf3 15. gxf3 Kh8 16. Be4 Rc8 17. Qd3 Nc5 18. Qxd8 Rcxd8 19. Bd3 Rd7 20. Be3 Nxd3 21. Rxd3 Rxd3 22. cxd3 c5 23. a4 Rd8 24. Ra3 Nf8 25. f4 Ng6 26. a5 Nh4 27. Rb3 Nf3+ 28. Kf1 Nd4 29. Bxd4 Rxd4 30. axb6 axb6 31. Ke2 Rxf4 32. Rxb6 Rf5 33. d4 cxd4 34. f4 Rxf4 35. c5 Re4+ 36. Kd3 Rxe5 37. Kxd4 Rd5+ 38. Kc4 Rd8 39. c6 Rc8 40. Kc5 f5 41. Kd6 Kh7 42. c7 g5 43. Kd7 Rf8 44. Rxe6 f4 45. c8Q Rxc8 46. Kxc8 g4 47. Rf6 f3 48. h3 Kg7 49. Rf4 1-0

[Event "Girona-ch Seniors"]
[Site "Santa Eugenia"]
[Date "2016.??.??"]
[Round "4.7"]
[White "Juez Folga, Florenti"]
[Black "Sabates Ple, Josep"]
[Result "0-1"]
[WhiteElo "1661"]
[BlackElo "1817"]
[PlyCount "56"]
[EventDate "2016.02.02"]
[EventType "swiss"]
[EventRounds "6"]
[EventCountry "ESP"]
[SourceTitle "EXT 2024"]
[Source "ChessBase"]
[SourceDate "2023.10.10"]
[SourceVersion "1"]
[SourceVersionDate "2023.10.10"]
[SourceQuality "1"]

1. d4 Nf6 2. h3 e6 3. Nc3 Bb4 4. Bd2 0-0 5. a3 Bxc3 6. Bxc3 b6 7. e3 Bb7 8. Ne2 d6 9. Nf4 Nbd7 10. Bd3 e5 11. Nh5 Nxh5 12. Qxh5 e4 13. Be2 Nf6 14. Qh4 Re8 15. f3 Nd5 16. Qg3 Re6 17. fxe4 Rg6 18. Qf3 Nxc3 19. bxc3 Qh4+ 20. Kd2 Bxe4 21. Qf1 Bxg2 22. Qb1 Bxh1 23. Qxh1 Re8 24. Bc4 Qe4 25. Qxe4 Rxe4 26. Bd3 Rg2+ 27. Kc1 Rxe3 28. Kb2 Rxd3 0-1

[Event "Girona-ch Seniors"]
[Site "Santa Eugenia"]
[Date "2016.??.??"]
[Round "3.4"]
[White "Sabates Ple, Josep"]
[Black "Carraminana Puig, Jordi"]
[Result "0-1"]
[WhiteElo "1817"]
[BlackElo "1920"]
[PlyCount "61"]
[EventDate "2016.02.02"]
[EventType "swiss"]
[EventRounds "6"]
[EventCountry "ESP"]
[SourceTitle "EXT 2024"]
[Source "ChessBase"]
[SourceDate "2023.10.10"]
[SourceVersion "1"]
[SourceVersionDate "2023.10.10"]
[SourceQuality "1"]

1. e4 e6 2. d4 d5 3. e5 c5 4. Nf3 Nc6 5. c3 Bd7 6. b3 cxd4 7. cxd4 Bb4+ 8. Bd2 Qb6 9. Nc3 Nxd4 10. Be2 Ne7 11. 0-0 Bxc3 12. Bxc3 Nxe2+ 13. Qxe2 Bb5 14. Qd2 Bxf1 15. Rxf1 0-0 16. b4 Rac8 17. a4 Rc4 18. a5 Qc7 19. Bd4 b6 20. h3 Nc6 21. axb6 axb6 22. Be3 b5 23. Bc5 Rd8 24. Qd3 Nxe5 25. Nxe5 Qxe5 26. Qf3 Rc3 27. Qg4 h5 28. Qh4 Rd7 29. Bd4 Rc4 30. Bxe5 Rxh4 31. Bd4 0-1

[Event "Santa Eugenia op 10th"]
[Site "Santa Eugenia"]
[Date "2015.??.??"]
[Round "7"]
[White "Bonell Gleich, Xavier"]
[Black "Sabates Ple, Josep"]
[Result "0-1"]
[WhiteElo "1886"]
[BlackElo "1801"]
[PlyCount "86"]
[EventDate "2015.04.17"]
[EventType "swiss"]
[EventRounds "9"]
[EventCountry "ESP"]
[SourceTitle "EXT 2016"]
[Source "ChessBase"]
[SourceDate "2015.10.08"]
[SourceVersion "1"]
[SourceVersionDate "2015.10.08"]
[SourceQuality "1"]

1. e4 b6 2. Be2 e6 3. Nc3 Bb7 4. Bf3 Nc6 5. d4 Bb4 6. Nge2 Rb8 7. 0-0 h6 8. a3 Be7 9. Re1 Nf6 10. Bf4 0-0 11. e5 Nh7 12. d5 exd5 13. Bxd5 Ng5 14. Bg3 Ne6 15. f4 Bc5+ 16. Kh1 Ncd4 17. Bxb7 Nxe2 18. Rxe2 Rxb7 19. Rd2 c6 20. Ne4 Be3 21. Rd3 Bxf4 22. Qf3 Bxg3 23. Qxg3 Kh7 24. Rad1 Nc5 25. Nxc5 bxc5 26. b3 Qe7 27. Rd6 Kh8 28. h3 Re8 29. Qf4 Kg8 30. Qf5 Qxe5 31. Qxe5 Rxe5 32. Rxd7 Rxd7 33. Rxd7 Re2 34. Rxa7 Rxc2 35. a4 c4 36. bxc4 Rxc4 37. a5 g5 38. a6 Ra4 39. Ra8+ Kg7 40. Kh2 c5 41. Kg3 c4 42. Rc8 Rxa6 43. Rxc4 Ra5 0-1

[Event "Girona-ch Seniors"]
[Site "Girona"]
[Date "2015.??.??"]
[Round "4.4"]
[White "Martin Fernandez, Santiago"]
[Black "Sabates Ple, Josep"]
[Result "1/2-1/2"]
[WhiteElo "1973"]
[BlackElo "1818"]
[PlyCount "77"]
[EventDate "2015.02.10"]
[EventType "tourn"]
[EventRounds "6"]
[EventCountry "ESP"]
[SourceTitle "EXT 2024"]
[Source "ChessBase"]
[SourceDate "2023.10.10"]
[SourceVersion "1"]
[SourceVersionDate "2023.10.10"]
[SourceQuality "1"]

1. b3 d5 2. Bb2 c5 3. e3 a6 4. Nf3 Nc6 5. h3 Nf6 6. d4 e6 7. Be2 Bd6 8. Nbd2 Bd7 9. c4 cxd4 10. exd4 Rc8 11. a3 0-0 12. 0-0 Bb8 13. Bd3 Re8 14. Re1 Qc7 15. Ne5 Re7 16. Rc1 Rce8 17. Bb1 g6 18. Nf1 Nh5 19. Qd2 f6 20. Bxg6 hxg6 21. Nxg6 Rh7 22. cxd5 exd5 23. Rxe8+ Bxe8 24. Qd3 Qf7 25. Nh4 Nf4 26. Qg3+ Ng6 27. Qxg6+ Qxg6 28. Nxg6 Bxg6 29. Ne3 Rd7 30. Ng4 Kg7 31. b4 Ba7 32. Rd1 Re7 33. Ne3 Re4 34. Nxd5 Bxd4 35. Bxd4 Rxd4 36. Rxd4 Nxd4 37. Ne3 Nc2 38. Nxc2 Bxc2 39. f4 1/2-1/2

[Event "Santa Eugenia op 10th"]
[Site "Santa Eugenia"]
[Date "2015.??.??"]
[Round "2"]
[White "Sabates Ple, Josep"]
[Black "Blanco Esquena, Ramon"]
[Result "0-1"]
[WhiteElo "1801"]
[BlackElo "1975"]
[PlyCount "52"]
[EventDate "2015.04.17"]
[EventType "swiss"]
[EventRounds "9"]
[EventCountry "ESP"]
[SourceTitle "EXT 2016"]
[Source "ChessBase"]
[SourceDate "2015.10.08"]
[SourceVersion "1"]
[SourceVersionDate "2015.10.08"]
[SourceQuality "1"]

1. b3 e5 2. e3 d5 3. Bb2 Bd6 4. Nf3 Qe7 5. Be2 Nf6 6. 0-0 0-0 7. d3 Nc6 8. Nbd2 Be6 9. Re1 Rad8 10. Nf1 e4 11. Nd4 Nxd4 12. Bxd4 c5 13. Bb2 Bc8 14. d4 Rfe8 15. c4 cxd4 16. Bxd4 dxc4 17. Bxc4 Be5 18. Qc2 Bxd4 19. exd4 Rxd4 20. Re3 Red8 21. h3 Bf5 22. Rae1 Bg6 23. Qc3 a6 24. a4 R4d6 25. Ng3 Qd7 26. Ne2 b5 0-1

[Event "Girona-ch Seniors"]
[Site "Girona"]
[Date "2014.02.25"]
[Round "3.5"]
[White "Vila Pages, Xavier"]
[Black "Sabates Ple, Josep"]
[Result "0-1"]
[WhiteElo "1997"]
[BlackElo "1815"]
[PlyCount "64"]
[EventDate "2014.02.11"]
[EventType "swiss"]
[EventRounds "6"]
[EventCountry "ESP"]
[SourceTitle "EXT 2024"]
[Source "ChessBase"]
[SourceDate "2023.10.10"]
[SourceVersion "1"]
[SourceVersionDate "2023.10.10"]
[SourceQuality "1"]

1. c4 Nf6 2. Nc3 e6 3. g3 c6 4. Bg2 d5 5. cxd5 exd5 6. d4 Be6 7. Nf3 Nbd7 8. 0-0 Bd6 9. a3 Qc7 10. b4 h6 11. Bb2 Ne4 12. Nd2 Nxc3 13. Bxc3 f5 14. e3 Nf6 15. Rc1 g5 16. Nf3 Ne4 17. Bb2 h5 18. Ne5 Qh7 19. f4 h4 20. Bxe4 hxg3 21. Rc2 fxe4 22. hxg3 Qh1+ 23. Kf2 Qh2+ 24. Ke1 Qxg3+ 25. Kd2 Rh2+ 26. Kc1 Qxe3+ 27. Kb1 Rxc2 28. Qxc2 gxf4 29. Qh2 Bxe5 30. dxe5 Qd3+ 31. Kc1 Qxf1+ 32. Kc2 Qh3 0-1

[Event "Girona-ch Seniors"]
[Site "Girona"]
[Date "2014.02.18"]
[Round "2.8"]
[White "Sabates Ple, Josep"]
[Black "Estelle Estrada, Joan"]
[Result "1-0"]
[WhiteElo "1815"]
[BlackElo "1722"]
[PlyCount "29"]
[EventDate "2014.02.11"]
[EventType "swiss"]
[EventRounds "6"]
[EventCountry "ESP"]
[SourceTitle "EXT 2024"]
[Source "ChessBase"]
[SourceDate "2023.10.10"]
[SourceVersion "1"]
[SourceVersionDate "2023.10.10"]
[SourceQuality "1"]

1. e4 e5 2. Nf3 Nc6 3. Bb5 Nd4 4. Nxd4 exd4 5. 0-0 c6 6. Bc4 Bc5 7. Qh5 g6 8. Qxc5 b5 9. Qe5+ Qe7 10. Qxh8 Qxe4 11. Qxg8+ Ke7 12. Qxf7+ Kd8 13. d3 Qe2 14. Bf4 d6 15. Bg5+ 1-0